| 000 | 00381 a2200121 4500 | ||
|---|---|---|---|
| 001 | ART_14769 | ||
| 005 | 20260410161913.0 | ||
| 008 | 260409a | ||
| 245 | 1 | 0 | _aThe structure of personal influence of the Belgian holding companies |
| 100 | 1 | _aMeeusen, Wim | |
| 700 | 1 | _aCuyvers, L. | |
| 773 | 0 |
_tEuropean economic review _g- Vol. 8, NÂș 1 (jun. 1976) _wREV13346 |
|
| 999 |
_c27025 _d27025 |
||